01716nam a22003977a 4500003000500000005001700005008004100022010001000063011001000073035001000083040000900093082001600102110005800118245007800176260002600254300002000280490002900300590004100329590004100370590004100411590004100452590004200493650004200535650003600577710000900613830003600622901000700658942001000665949006600675949007100741949007100812999001700883952013600900952014101036952014101177CHAP20220817042124.0971013s1971 r 00010 d a35337 a36309 a40428 cCHAP a632.96bO73 aOrganismo Internacional de Energía Atómica983512 aApplication of induced sterility for control of lepidopterous populations aVienna :bOIEA,c1971 a169 p.b: ilus. aPanel proceedings series aBATCH-UPDb10c20130110lUCH01h0020 aBATCH-UPDb10c20130110lUCH01h1414 aBATCH-UPDb10c20130410lUCH01h0859 aBATCH-UPDb10c20130914lUCH01h1046 aCONVERSIONb10c20130109lUCH01h132014aControl biológico de plagas.92758714aEsterilidad en insectos.9382910 aFAO.0 aPanel proceedings series985079 aBK cLIBRO a632.96 O73bBCcLIBROd33724000188041eLIBROh16266i40428si a632.96 O73bBCcLIBROd33724000188058eLIBROfc.2h18404i40428si a632.96 O73bBCcLIBROd33724000188066eLIBROfc.3h18405i40428si c35337d35337 00102ddc4052708GRALaBCbBCcPP_GRALd2019-12-31fLIBROl0o632.96 O73p33724000188041r2019-12-31 00:00:00w2019-12-31yLIBRO 00102ddc4052708GRALaBCbBCcPP_GRALd2019-12-31fLIBROl0o632.96 O73p33724000188058r2019-12-31 00:00:00tc.2w2019-12-31yLIBRO 00102ddc4052708GRALaBCbBCcPP_GRALd2019-12-31fLIBROl0o632.96 O73p33724000188066r2019-12-31 00:00:00tc.3w2019-12-31yLIBRO